00608nam a2200169 a 450000100100000000500170001000800410002704000250006808200150009310000220010824500820013026000500021230000450026250000430030756300350035070000530038500003305220200930070010.0110808s1944 xxuabc 000 0 spa d aDO-SdBNPbspacBNPHU axxxbN551s1 aNewman, Oliver P.10aThe land Columbus loved :bBare feet and burros of Haiti /cOliver P. Newman. aWashington :bThe National Geographic,c1944. a195-328 p. :bil., mapa, retr. ;c26 cm. aThe National Geographic ; v. 85, no. 2 aDos obras encuadernadas juntas1 aNewman, Oliver P.tBare feet and burros of Haiti